Datum a čas kvízu
33.5
Celkem bodů
Celkový počet nahraných bodů na tomto kvízu bez doplňovacích otázek.
11.
Pořadí na kvízu
Konečné umístění týmu na tomto kvízu.
Zaznamenané odpovědi
| # | Otázka | Odpověď | Body | Výsledky |
|---|---|---|---|---|
| 1. | Piráti připravili návrh, podle... | 1 | ||
| 2. | Americký prezident Donald Trum... | 1 | ||
| 3. | Cenu Grammy za nejlepší rockov... | 0 | ||
| 4. | Společnost Google minulý týden... | 1 | ||
| 5. | Jak se jmenuje vítězný tým fin... | 1 | ||
| 6. | O Venezuele se poslední dobou... | 1 | ||
| 7. | Důvodem, proč se o Venezuele m... | 0 | ||
| 8. | Díváme se na podobiznu bezespo... | 1 | ||
| 9. | Nejvyšší vodopád na světě najd... | 1 | ||
| 10. | Vzhledem k přírodním podmínkám... | 0 |